[Event "Stuttgart-chC int"]
[Site "Ditzingen"]
[Date "2014.05.29"]
[Round "3"]
[White "Stoeckler, Klaus J"]
[Black "Hoffmann, Simon"]
[Result "1-0"]
[WhiteElo "1224"]
[BlackElo "785"]
[PlyCount "25"]
[EventDate "2014.05.29"]
[EventType "swiss"]
[EventRounds "7"]
[EventCountry "GER"]
[SourceTitle "EXT 2015"]
[Source "ChessBase"]
[SourceDate "2014.11.20"]
[SourceVersion "1"]
[SourceVersionDate "2014.11.20"]
[SourceQuality "1"]

1. d4 d5 2. c4 e6 3. e3 Bb4+ 4. Bd2 Qe7 5. a3 Bxd2+ 6. Nxd2 dxc4 7. Bxc4 Qg5 8. Qf3 Nc6 9. Nb3 Bd7 10. Nc5 0-0-0 11. b4 Kb8 12. a4 Nxb4 13. Qxb7# 1-0